Who Said The Greatest Lines? Quiz Stats

 Plays Quiz not verified by Sporcle

Score 0/100 Timer 12:00
0 Plays Today
Film Actor/Actress % Correct
The Godfather Part IMarlon Brando
94.1%
On the WaterfrontMarlon Brando
94.1%
A Streetcar Named DesireMarlon Brando
94.1%
Forrest GumpTom Hanks
91.7%
Apollo 13Tom Hanks
91.7%
A League of Their OwnTom Hanks
91.7%
Taxi DriverRobert De Niro
87.6%
Sudden ImpactClint Eastwood
87.3%
Dirty HarryClint Eastwood
87.3%
The Wizard of OzJudy Garland
87.1%
The Wizard of OzJudy Garland
87.1%
A Few Good MenJack Nicholson
85.6%
The ShiningJack Nicholson
85.6%
The Godfather Part IIAl Pacino
83.2%
ScarfaceAl Pacino
83.2%
Dog Day AfternoonAl Pacino
83.2%
CasablancaHumphery Bogart
83.1%
The Maltese FalconHumphery Bogart
83.1%
CasablancaHumphery Bogart
83.1%
CasablancaHumphery Bogart
83.1%
Top GunTom Cruise
82.9%
Gone With the WindClark Gable
82.4%
Midnight CowboyDustin Hoffman
81.7%
The GraduateDustin Hoffman
81.7%
Dr. NoSean Connery
81.2%
GoldfingerSean Connery
81.2%
The TerminatorArnold Schwarzenegger
79.9%
Terminator 2: Judgement DayArnold Schwarzenegger
79.9%
TitanicLeonardo Dicaprio
79.7%
RockySylvester Stallone
78.8%
Silence of the LambsAnthony Hopkins
77.5%
Dead Poets SocietyRobin Williams
71.4%
Dirty DancingPatrick Swayze
71%
The Planet of the ApesCharlton Heston
69.2%
Film Actor/Actress % Correct
Soylent GreenCharlton Heston
69.2%
WallstreetMichael Douglas
67.9%
Star Wars: A New HopeHarrison Ford
67.7%
Jerry MaguireCuba Gooding Jr.
65.3%
Gone With the WindVivien Leigh
64.9%
Gone With the WindVivien Leigh
64.9%
A Streetcar Named DesireVivien Leigh
64.9%
Citizen KaneOrson Welles
64.5%
National Lampoon's: Animal HouseJohn Belushi
61.7%
CaddyshackBill &#@!ing Murray
61.3%
CasablancaIngrid Bergman
60.4%
CasablancaIngrid Bergman
60.4%
On Golden PondKatharine Hepburn
59.7%
The Sixth SenseHaley Joel Osment
59.3%
Jerry MaguireRenee Zellweger
57.9%
MoonstruckCher
57.4%
Bonnie and ClydeWarren Beatty
57.3%
Annie HallDiane Keaton
56.3%
In the Heat of the NightSidney Poitier
56%
All About EveBette Davis
55.3%
Now, VoyagerBette Davis
55.3%
Beyond the ForestBette Davis
55.3%
Apocalypse NowRobert Duvall
54.8%
PsychoAnthony Perkins
54.2%
Dr. Strangelove or: How I Learned to Stop Worrying and Love the BombPeter Sellers
53.9%
AirplaneRobert Hays and Leslie Nielsen
53.4%
JawsRoy Scheider
49.6%
Mommie DearestFaye Dunaway
49.1%
Animal CrackersGroucho Marx
48.5%
Funny GirlBarbra Streisand
47.1%
White HeatJames Cagney
43.8%
Yankee Doodle DandeeJames Cagney
43.8%
The Pride of the YankeesGary Cooper
42.4%
Lord of the Rings: The Two TowersAndy Serkis
41.5%
Film Actor/Actress % Correct
DraculaBela Lugosi
37.1%
Sunset BoulevardGloria Swanson
36%
Sunset BoulevardGloria Swanson
36%
To Have and Have NotLauren Bacall
35.3%
Naughty NinetiesBud Abbott
34.7%
NetworkPeter Finch
34.4%
She Done Him WrongMae West
32.4%
The Jazz SingerAl Jolson
32.2%
Marathon ManLawrence Olivier
32%
Grand HotelGreta Garbo
31.9%
When Harry Met Sally...Estelle Reiner
31.7%
Field of DreamsRay Liotta
30.9%
Love StoryAli MacGraw
27.9%
The Wizard of OzMargaret Hamilton
24.5%
Sons of the DesertOliver Hardy
23.7%
The Adventures of Sherlock HolmesBasil Rathbone
23.5%
Little CaesarEdward G. Robinson
22.9%
CasablancaClaude Rains
21.5%
Auntie MameRosalind Russell
15.6%
Cool Hand LukeStrother Martin
15.6%
2001: A Space OdysseyKeir Dullea
14.9%
Some Like It HotJoe E. Brown
10.7%
PoltergeistHeather O'Rourke
9.8%
ShaneBrandon De Wilde
8.4%
FrankensteinColin Clive
6.5%
Knute Rockne, All AmericanPat O'Brien
4.1%
42nd Street Warner Baxter
3.8%
King KongRobert Armstrong
3.1%
E.T. the Extra TerrestrialPat Welsh
2.5%
The Treasure of the Sierra MadreAlfonso Bedoya
2.1%
ChinatownJoe Mantell
1.5%
The GraduateWalter Brooke
1.2%

You're not logged in!

Compare scores with friends on all Sporcle quizzes.
OR
Log In

Show Comments

Extras

Top Quizzes Today


Score Distribution

Your Account Isn't Verified!

In order to create a playlist on Sporcle, you need to verify the email address you used during registration. Go to your Sporcle Settings to finish the process.

Report this User

Report this user for behavior that violates our Community Guidelines.

Details: